000 01568nam a22003137a 4500
005 2012082700400.0
008 120827t xxu||||| |||| 00| 0 eng d
010 _aENG-105639
020 _a9788120346017
_c450.00
035 _aEN-89172
037 _bDBAD/PUB
040 _aDPL
_bEng
082 0 0 _a628.1
_222
100 1 _aHammer, Mark J.,
_d1931-
_951509
245 1 0 _aWater and wastewater technology /
_cby Mark J. Hammer [and] Mark J. Hammer, Jr.
250 _a7th ed
260 _aNew Delhi
_bPHI Learning
_cc2012
270 _aM-97, Connaught Circus
_bNew Delhi
_e110001
300 _axi, 460p. :
_bill.
_c29cm(pbk)
500 _aIncludes bibliographical references and index.
505 0 _aChemistry -- Biology -- Hydraulics and Hydrology -- Water quality -- Water distribution systems -- Water processing -- Operation of waterworks -- Wastewater flows and characteristics -- Wastewater collection systems -- Wastewater processing -- Wastewater systems capacity, management, operation, and maintenance -- Advanced wastewater treatment -- Water reuse.
650 0 _aWater-supply engineering.
_951510
650 0 _aSewage disposal.
_951511
700 1 _aHammer, Mark J.,
_d1957-
_951512
856 4 1 _3Table of contents only
_uhttp://www.loc.gov/catdir/toc/fy11pdf04/2010027782.html
942 _2ddc
_cEN
_h628.1
_mHAM
999 _c69317
_d69317